000 02940nam a2200301 4500
003 co-ctgcurn
005 20250329165503.0
007 ta
008 190415s2021 000 0 eng d
040 _aCO-CtgCURN
_bspa
_ccoctgcurn
082 0 _aODO 2021
_bS572
100 1 _aSierra Pérez, Ana María.
245 1 0 _aEvaluación de los estilos de aprendizaje en estudiantes de odontología de la Corporación Universitaria Rafael Núñez durante el primer periodo academico del año 2021 /
_cAna María Sierra Pérez; Wendy Johana Olivera Torres; Dayanna Milena Cerpa Nevado; Leidy María Cerda Carrillo; co-investigadora Jennifer Orozco Páez; investigadora Roxana Martínez.
260 _c2021.
260 1 _aCartagena de Indias : :
_bCorporación Universitaria Rafael Nuñez,,
_c2021.
300 _a59 hojas.
504 _aTrabajo de grado (Odontologo).Corporación Universitaria Rafael Núñez. Facultad de Ciencias de Salud. Programa de Odontología, 2021.
520 _a"El aprendizaje es un proceso de adiestramiento mental, que contribuye a desarrollar la imaginación, la memoria y el pensamiento. Este se desarrolla continuamente a lo largo de la vida y está condicionado por aspectos como el comportamiento, la percepción, la motivación , el ambiente, en el cual se desarrolla el individuo , e incluso la genética del mismo ; que en conjunto con las cogniciones, los valores, los sentimientos, el funcionamiento de los hemisferios cerebrales, la capacidad de concentración y memoria ,y las técnicas y estrategias adecuadas de estudio permiten que los procesos de transferencia, autorregulación y las implicaciones para la instrucción ocurran de manera correcta en la memoria. Por lo tanto, son tres grandes factores los que influyen en el aprendizaje: el factor cognitivo, el afectivo-social, el ambiental y de organización de estudio. Por lo tanto, se considera que un estilo de aprendizaje es el estilo cognitivo que un individuo manifiesta cuando se confronta con una tarea de aprendizaje y la forma en la que responde y utiliza los estímulos de su contexto. Cada individuo desarrolla un proceso de aprendizaje diferente de acuerdo a la estructura de sus procesos de pensamiento, por esto los estilos de aprendizaje se han agrupado así: Estilo activo,estilo reflexivo, estilo teórico y estilo pragmático."
650 1 4 _aOdontología
_vTesis y disertaciones academicas.
700 1 _aOlivera Torres, Wendy Johana.
700 1 _aCerpa Nevado, Dayanna Milena.
700 1 _aCerda Carrillo, Leidy María.
700 1 _aOrozco Páez, Jennifer,
_eco-investigadora.
700 1 _aMartínez, Roxana,
_einvestigadora.
856 _uhttps://unicurn.sharepoint.com/:b:/s/biblioteca/EUUxjv2XCXFClJ0hXDT-2YkBAEqFISS5MWXVB3eDLvoC9w?e=SQ3kb9
_zClick aqui para ver el recurso en texto completo
942 _2ddc
_aTG
_cTG
_hODO 2021
_iS572
999 _c5624
_d5624